[Event "EU-chT Seniors 65"]
[Site "Terme Catez"]
[Date "2024.05.15"]
[Round "9.1"]
[White "Knaak, Rainer"]
[Black "Ivanovic, Bozidar"]
[Result "1-0"]
[WhiteElo "2441"]
[BlackElo "2392"]
[PlyCount "183"]
[EventDate "2024.05.07"]
[EventType "team-swiss"]
[EventRounds "9"]
[EventCountry "SLO"]
[SourceTitle "CB20_2024"]
[SourceDate "2024.05.16"]
[SourceVersion "1"]
[SourceVersionDate "2024.05.16"]
[SourceQuality "1"]
[WhiteTeam "Germany 65"]
[BlackTeam "Montenegro 65"]
[WhiteTeamCountry "GER"]
[BlackTeamCountry "MNE"]

1. d4 Nf6 2. c4 e6 3. Nf3 d5 4. Nc3 Be7 5. Bf4 a6 6. cxd5 exd5 7. e3 0-0 8. Qc2 Be6 9. Bd3 c5 10. dxc5 Nc6 11. a3 Bxc5 12. 0-0 h6 13. Rad1 Bd6 14. Bxd6 Qxd6 15. Be2 Rac8 16. Qa4 Rfd8 17. Rd2 Qc7 18. Rfd1 Na5 19. Nd4 Nc4 20. Bxc4 Qxc4 21. Qa5 Rd6 22. f3 Bd7 23. Nce2 b6 24. Qc3 Qxc3 25. Nxc3 Be6 26. Nde2 Rd7 27. Kf2 g5 28. Nc1 Rdc7 29. Nd3 a5 30. Ne1 Kg7 31. Nc2 Rc5 32. Nd4 Bd7 33. Rb1 Kg6 34. Ke2 b5 35. Nb3 b4 36. Nd1 Rb5 37. Nd4 Rbb8 38. axb4 Rxb4 39. Ra1 a4 40. Ra3 Rcc4 41. Nc3 Be6 42. Na2 Rb6 43. Rc3 Bc8 44. Rxc4 Ba6 45. Kd1 Bxc4 46. Nc3 Ra6 47. Nc2 Bb3 48. Kc1 Re6 49. Rd4 Ra6 50. Nb4 Ra5 51. Nc6 Rc5 52. Ne7+ Kh7 53. Kd2 Ra5 54. Rb4 Ra7 55. Nc6 Rc7 56. Nd4 Bc4 57. Rxa4 Bf1 58. g3 Rb7 59. b3 Bg2 60. Ra6 Nd7 61. Rd6 Ne5 62. f4 Nf3+ 63. Nxf3 Bxf3 64. Kc2 gxf4 65. exf4 Rc7 66. Kb2 Rc5 67. Na4 Rc7 68. Nb6 Be4 69. Nxd5 Rc2+ 70. Ka3 Kg7 71. Nf6 Bf3 72. h4 Rc3 73. g4 Re3 74. g5 hxg5 75. fxg5 Re1 76. Rd3 Bc6 77. h5 Ra1+ 78. Kb2 Ra8 79. b4 Rb8 80. Kc3 Rc8 81. Kb3 Bb5 82. Rc3 Rd8 83. Rc5 Be2 84. Re5 Bd1+ 85. Kc4 Rc8+ 86. Kd4 Rd8+ 87. Rd5 Rb8 88. Kc3 Bf3 89. Re5 Bc6 90. Kc4 Ba4 91. b5 Rc8+ 92. Kb4 1-0

[Event "Wch Seniors 65 31st"]
[Site "Terassini"]
[Date "2023.11.05"]
[Round "11"]
[White "Vaganian, Rafael A"]
[Black "Knaak, Rainer"]
[Result "1/2-1/2"]
[WhiteElo "2493"]
[BlackElo "2451"]
[PlyCount "115"]
[EventDate "2023.10.25"]
[EventType "swiss"]
[EventRounds "11"]
[EventCountry "ITA"]
[SourceTitle "Mega2024 Update 01"]
[Source "Chessbase"]
[SourceDate "2023.11.12"]
[SourceVersion "1"]
[SourceVersionDate "2023.11.12"]
[SourceQuality "1"]

1. Nf3 d5 2. e3 Nf6 3. c4 e6 4. b3 Bd6 5. Bb2 0-0 6. Qc2 Nbd7 7. Be2 b6 8. cxd5 exd5 9. Nd4 c5 10. Nf5 Bc7 11. d4 Bb7 12. Nd2 Rc8 13. dxc5 bxc5 14. 0-0 g6 15. Nh6+ Kg7 16. Ng4 h5 17. Nxf6 Nxf6 18. Rfd1 Qe7 19. Nf1 Be5 20. Bf3 Rfd8 21. Rac1 Bxb2 22. Qxb2 Rd6 23. Rd2 Kh7 24. Rdc2 Nd7 25. Rd1 Rd8 26. Qa3 Ra6 27. Qc1 Rd6 28. Rcd2 Qe5 29. h4 Rc8 30. Ng3 Nf6 31. Rc2 Rdc6 32. Ne2 R6c7 33. Nf4 Ne4 34. Nd3 Qe7 35. Qa3 Qxh4 36. Rdc1 c4 37. Nf4 c3 38. Bxe4 dxe4 39. Qd6 Rc6 40. Qe5 Rc5 41. Qd4 R5c7 42. Qe5 Rc5 43. Qd4 R5c7 44. Nh3 Rd8 45. Qe5 Rcd7 46. Rxc3 Rd5 47. Qf4 Qxf4 48. Nxf4 Rd1+ 49. Rxd1 Rxd1+ 50. Kh2 Rd7 51. Ne2 Rd2 52. Rc7 Rxe2 53. Rxf7+ Kh6 54. Rxb7 Rxa2 55. Kg3 Kg5 56. f4+ exf3 57. Rb5+ Kf6 58. gxf3 1/2-1/2

[Event "Wch Seniors 65 31st"]
[Site "Terassini"]
[Date "2023.10.27"]
[Round "3"]
[White "Biro, Sandor"]
[Black "Knaak, Rainer"]
[Result "1/2-1/2"]
[WhiteElo "2087"]
[BlackElo "2451"]
[PlyCount "33"]
[EventDate "2023.10.25"]
[EventType "swiss"]
[EventRounds "11"]
[EventCountry "ITA"]
[SourceTitle "Mega2024 Update 01"]
[Source "Chessbase"]
[SourceDate "2023.11.12"]
[SourceVersion "1"]
[SourceVersionDate "2023.11.12"]
[SourceQuality "1"]

1. e4 e5 2. Nf3 Nc6 3. d4 exd4 4. Bc4 Nf6 5. 0-0 Bc5 6. e5 d5 7. exf6 dxc4 8. fxg7 Rg8 9. Bg5 Be7 10. Bxe7 Kxe7 11. Re1+ Be6 12. Re4 Rxg7 13. Nxd4 Nxd4 14. Rxd4 Qg8 15. g3 Rd8 16. Nc3 Rg5 17. Rxd8 1/2-1/2

[Event "WchT Seniors 65"]
[Site "Struga"]
[Date "2023.09.26"]
[Round "7.1"]
[White "Knaak, Rainer"]
[Black "Legky, Nikolay A"]
[Result "1-0"]
[WhiteElo "2438"]
[BlackElo "2357"]
[PlyCount "69"]
[EventDate "2023.09.19"]
[EventType "team-swiss"]
[EventRounds "9"]
[EventCountry "MKD"]
[SourceTitle "EXT 2024"]
[Source "ChessBase"]
[SourceDate "2023.10.10"]
[SourceVersion "1"]
[SourceVersionDate "2023.10.10"]
[SourceQuality "1"]
[WhiteTeam "Lasker Schachstiftung 65"]
[BlackTeam "France 65"]
[WhiteTeamCountry "GER"]
[BlackTeamCountry "FRA"]

1. d4 e6 2. Nf3 f5 3. g3 Nf6 4. Bg2 d5 5. 0-0 Bd6 6. c4 c6 7. b3 Qe7 8. Ne5 0-0 9. Qc2 b6 10. cxd5 exd5 11. Bb2 Qe6 12. Nd2 Bb7 13. Bh3 g6 14. e4 dxe4 15. Nxe4 Nxe4 16. Qxe4 Nd7 17. Qc2 Nf6 18. Rfe1 Rfe8 19. Bc3 Nd5 20. Bg2 Qf6 21. Bb2 Bb4 22. Re2 Rac8 23. a3 Bd6 24. Rae1 Bxe5 25. Rxe5 Qf7 26. Qe2 Rxe5 27. Qxe5 Qc7 28. Qe2 Qd7 29. h4 Kf7 30. Qd2 Re8 31. Re5 Rxe5 32. dxe5 c5 33. Qh6 Ke6 34. Qf8 Qf7 35. Qd6# 1-0

[Event "Reykjavik op"]
[Site "Reykjavik"]
[Date "2023.03.31"]
[Round "4"]
[White "Gretarsson, Hjorvar Steinn"]
[Black "Knaak, Rainer"]
[Result "1-0"]
[WhiteElo "2538"]
[BlackElo "2455"]
[PlyCount "89"]
[EventDate "2023.03.29"]
[EventType "swiss"]
[EventRounds "9"]
[EventCountry "ISL"]
[SourceTitle "CBM 213 Extra"]
[Source "ChessBase"]
[SourceDate "2023.05.31"]
[SourceVersion "1"]
[SourceVersionDate "2023.05.31"]
[SourceQuality "1"]

1. d4 d5 2. c4 e6 3. Nc3 c6 4. e4 dxe4 5. Nxe4 Bb4+ 6. Nc3 c5 7. a3 Bxc3+ 8. bxc3 Nf6 9. Nf3 Qa5 10. Bd2 Ne4 11. Bd3 Nxd2 12. Qxd2 Nd7 13. 0-0 0-0 14. Qe3 Qc7 15. Rfd1 b6 16. Qe4 Nf6 17. Qxa8 Bb7 18. Qxa7 Ra8 19. Qxa8+ Bxa8 20. Ne5 Nh5 21. Bf1 f6 22. Nd3 Be4 23. a4 Bxd3 24. Bxd3 Nf4 25. Bf1 h5 26. g3 Ng6 27. Re1 Kf7 28. Bh3 f5 29. d5 exd5 30. cxd5 Ne5 31. Re3 Nc4 32. Re6 Nd6 33. c4 g6 34. Bf1 Qd8 35. Bd3 Qc7 36. Rae1 Qd7 37. Kg2 Qd8 38. Rb1 Qc7 39. Re2 Nc8 40. Re6 Nd6 41. h3 Qd8 42. Rbe1 Qd7 43. g4 hxg4 44. hxg4 Qd8 45. R1e3 1-0

[Event "Reykjavik op"]
[Site "Reykjavik"]
[Date "2023.03.30"]
[Round "3"]
[White "Knaak, Rainer"]
[Black "Harish, Neeraj"]
[Result "1-0"]
[WhiteElo "2455"]
[BlackElo "2127"]
[PlyCount "141"]
[EventDate "2023.03.29"]
[EventType "swiss"]
[EventRounds "9"]
[EventCountry "ISL"]
[SourceTitle "CBM 213 Extra"]
[Source "ChessBase"]
[SourceDate "2023.05.31"]
[SourceVersion "1"]
[SourceVersionDate "2023.05.31"]
[SourceQuality "1"]

1. d4 d5 2. c4 e6 3. Nc3 Nf6 4. Nf3 Be7 5. Bf4 0-0 6. e3 Nbd7 7. cxd5 exd5 8. Bd3 c6 9. h3 Re8 10. 0-0 Nf8 11. Rb1 Ng6 12. Bh2 Bd6 13. Bxd6 Qxd6 14. Qc2 Be6 15. b4 a6 16. a4 Rac8 17. Rfc1 Nf8 18. b5 cxb5 19. axb5 a5 20. b6 N8d7 21. Qa4 Nxb6 22. Qxa5 Nfd7 23. Nb5 Qb8 24. Qb4 Rc6 25. Rxc6 bxc6 26. Nd6 Rd8 27. Rc1 Qa8 28. Qc3 Nc8 29. Nxc8 Rxc8 30. Ng5 Nf6 31. Qc5 Qb7 32. Rb1 Qc7 33. Ba6 Rb8 34. Rxb8+ Qxb8 35. Qxc6 Bd7 36. Qb7 Qd8 37. Bb5 Bxb5 38. Qxb5 h6 39. Nf3 Qa8 40. Nd2 Qa1+ 41. Kh2 g6 42. Qe2 Qb2 43. f3 Kg7 44. Qf2 Qb7 45. g4 Qc6 46. Kg2 Qb7 47. Nf1 Ne8 48. Qg3 f6 49. h4 Qe7 50. Qb8 Nd6 51. Qb3 Qe6 52. Ng3 f5 53. gxf5 Nxf5 54. Nxf5+ gxf5 55. Qc3 Kg6 56. Kf2 Kh5 57. Qc7 Kxh4 58. Qe5 Qc8 59. Qh2+ Kg5 60. Qg3+ Kf6 61. Qe5+ Kg5 62. Qxd5 Qc2+ 63. Kg3 Qe2 64. Qg8+ Kf6 65. Kf4 Qh2+ 66. Qg3 Qb2 67. Qh4+ Kg6 68. Kg3 Qe2 69. Qe7 Qc4 70. Qe5 Kg5 71. e4 1-0

[Event "Wch Seniors 65 30th"]
[Site "Assisi"]
[Date "2022.11.24"]
[Round "9"]
[White "Knaak, Rainer"]
[Black "Kristiansen, Jens"]
[Result "1/2-1/2"]
[WhiteElo "2457"]
[BlackElo "2353"]
[PlyCount "97"]
[EventDate "2022.11.15"]
[EventType "swiss"]
[EventRounds "11"]
[EventCountry "ITA"]
[SourceTitle "CBM 211 Extra"]
[Source "ChessBase"]
[SourceDate "2023.01.31"]
[SourceVersion "1"]
[SourceVersionDate "2023.01.31"]
[SourceQuality "1"]

1. d4 f5 2. g3 Nf6 3. Bg2 g6 4. Nf3 Bg7 5. 0-0 0-0 6. b3 d6 7. Bb2 e6 8. c4 Ne4 9. Nbd2 Nc6 10. e3 a5 11. a3 Kh8 12. Ne1 Nxd2 13. Qxd2 e5 14. f4 e4 15. d5 Nb8 16. Bxg7+ Kxg7 17. Nc2 Nd7 18. Nd4 Nf6 19. b4 axb4 20. axb4 Bd7 21. Qc3 Qe7 22. Rf2 h6 23. Rfa2 Rxa2 24. Rxa2 Kh7 25. Bf1 Qg7 26. Qb3 g5 27. Kh1 gxf4 28. gxf4 Rg8 29. Rg2 Qf7 30. Rxg8 Qxg8 31. Qd1 Qg4 32. Qe1 Qh5 33. Be2 Qe8 34. Qh4 Kg6 35. c5 dxc5 36. bxc5 Qf8 37. c6 bxc6 38. dxc6 Bc8 39. Qg3+ Kh7 40. h4 Qf7 41. Kg1 Qa2 42. h5 Qf7 43. Qh4 Qg7+ 44. Kf2 Qf7 45. Qh3 Qa2 46. Kg1 Qa1+ 47. Kh2 Qa2 48. Qg2 Qf7 49. Qh3 1/2-1/2

[Event "Wch Seniors 65 30th"]
[Site "Assisi"]
[Date "2022.11.23"]
[Round "8"]
[White "Bogdanov, Valentin"]
[Black "Knaak, Rainer"]
[Result "0-1"]
[WhiteElo "2323"]
[BlackElo "2457"]
[PlyCount "125"]
[EventDate "2022.11.15"]
[EventType "swiss"]
[EventRounds "11"]
[EventCountry "ITA"]
[SourceTitle "CBM 211 Extra"]
[Source "ChessBase"]
[SourceDate "2023.01.31"]
[SourceVersion "1"]
[SourceVersionDate "2023.01.31"]
[SourceQuality "1"]

1. d4 d5 2. c4 e6 3. Nc3 Bb4 4. Nf3 dxc4 5. g3 Nf6 6. Bg2 0-0 7. 0-0 Nc6 8. e3 Rb8 9. Qe2 b5 10. Rd1 a6 11. e4 Bb7 12. Bg5 h6 13. Bxf6 Qxf6 14. e5 Qe7 15. Ne4 Rfd8 16. Rac1 Ba5 17. Nc5 Nb4 18. Nxb7 Rxb7 19. b3 cxb3 20. axb3 Rbb8 21. Ne1 Bb6 22. Qe4 Rd7 23. Rd2 Rbd8 24. Nf3 Rd5 25. Bf1 Qd7 26. Rcd1 Qe7 27. h4 c6 28. h5 a5 29. Be2 Ra8 30. Ne1 Qg5 31. Nc2 Nxc2 32. Rxc2 Rad8 33. Rcd2 c5 34. Kg2 cxd4 35. f4 Qe7 36. Bd3 f5 37. exf6 Qxf6 38. Re1 Kf7 39. Rc2 Bc5 40. Rec1 Bd6 41. Rc6 Qe7 42. Qg6+ Kf8 43. Be4 Rc5 44. R1xc5 Bxc5 45. Rxe6 Qf7 46. Rc6 Qxg6 47. hxg6 Be7 48. Bd3 a4 49. bxa4 bxa4 50. Ra6 a3 51. Kf3 Bc5 52. Ra5 Re8 53. Bc4 Re3+ 54. Kg4 Bb6 55. Ra6 Rc3 56. Rxb6 Rxc4 57. Ra6 Rc3 58. Kf5 Ke7 59. Ke4 Rxg3 60. Kxd4 h5 61. Ke5 h4 62. Ra7+ Kd8 63. Kd4 0-1

[Event "WchT Seniors 65"]
[Site "Acqui Terme"]
[Date "2022.06.28"]
[Round "8.1"]
[White "Meister, Jakob"]
[Black "Knaak, Rainer"]
[Result "1-0"]
[WhiteElo "2415"]
[BlackElo "2479"]
[PlyCount "151"]
[EventDate "2022.06.20"]
[EventType "team-tourn"]
[EventRounds "9"]
[EventCountry "ITA"]
[SourceTitle "CBM 209 Extra"]
[Source "ChessBase"]
[SourceDate "2022.09.30"]
[SourceVersion "1"]
[SourceVersionDate "2022.09.30"]
[SourceQuality "1"]
[WhiteTeam "Germany 65 II"]
[BlackTeam "Germany 65"]
[WhiteTeamCountry "GER"]
[BlackTeamCountry "GER"]

1. e4 e6 2. d4 d5 3. exd5 exd5 4. Bd3 Nc6 5. c3 Bd6 6. Nf3 Nge7 7. Qc2 Bg4 8. Nbd2 Qd7 9. h3 Bh5 10. 0-0 f6 11. Re1 0-0-0 12. Nh2 g5 13. Ndf1 g4 14. hxg4 Bxg4 15. Nxg4 Qxg4 16. Qe2 Qg7 17. Qf3 Kb8 18. Ng3 Bxg3 19. Qxg3 Qxg3 20. fxg3 Rdf8 21. Bh6 Rf7 22. Re3 Rg8 23. Rf1 f5 24. Ref3 Rg6 25. Bd2 Nd8 26. Bxf5 Nxf5 27. Rxf5 Rxf5 28. Rxf5 Kc8 29. Rxd5 Rxg3 30. Kf2 Rg7 31. Rf5 Kd7 32. Kf3 Nf7 33. Bf4 c6 34. g4 Ke6 35. Rh5 Nh8 36. d5+ cxd5 37. Re5+ Kf6 38. g5+ Kf7 39. Rxd5 Ke6 40. Re5+ Kd7 41. Rc5 Ke6 42. Re5+ Kd7 43. Rb5 b6 44. Rd5+ Ke6 45. Rd6+ Ke7 46. Rc6 Kd8 47. Be5 Rf7+ 48. Rf6 Ng6 49. Bd4 Rd7 50. Kg4 Ke8 51. a4 Ne7 52. Re6 Kf7 53. Rh6 Kg8 54. a5 Ng6 55. a6 Rf7 56. Bf6 Rd7 57. Rh1 Rd2 58. b4 Rd7 59. Re1 Kf7 60. Re4 Rd1 61. Rc4 Rg1+ 62. Kf5 Rf1+ 63. Ke4 h5 64. Rc7+ Ke6 65. Rxa7 Re1+ 66. Kd3 Ra1 67. b5 h4 68. Rh7 h3 69. Bd4 Kf5 70. Bxb6 Ne5+ 71. Kc2 h2 72. a7 Nf3 73. Kb2 Ra4 74. Bf2 Kxg5 75. b6 Kg6 76. Rh3 1-0

[Event "EUR-chT Seniors 65"]
[Site "Prague"]
[Date "2021.09.05"]
[Round "7.1"]
[White "Jansa, Vlastimil"]
[Black "Knaak, Rainer"]
[Result "1/2-1/2"]
[WhiteElo "2420"]
[BlackElo "2476"]
[PlyCount "43"]
[EventDate "2021.08.30"]
[EventType "team-swiss"]
[EventRounds "9"]
[EventCountry "CZE"]
[SourceTitle "CBM 204 Extra"]
[Source "ChessBase"]
[SourceDate "2021.11.30"]
[SourceVersion "1"]
[SourceVersionDate "2021.11.30"]
[SourceQuality "1"]
[WhiteTeam "Lysa nad Labem 65"]
[BlackTeam "Lasker Schachstiftung 65"]
[WhiteTeamCountry "CZE"]
[BlackTeamCountry "GER"]

1. e4 e5 2. Nf3 Nc6 3. Bb5 g6 4. c3 a6 5. Ba4 d6 6. d4 Bd7 7. 0-0 Bg7 8. Re1 Nf6 9. dxe5 Nxe5 10. Nxe5 dxe5 11. Bxd7+ Qxd7 12. Qf3 0-0-0 13. Bg5 Qd3 14. Nd2 Rd6 15. Qxd3 Rxd3 16. Nc4 Nd7 17. Rad1 Rxd1 18. Rxd1 Nc5 19. f3 Ne6 20. Bh4 f6 21. Ne3 c6 22. Kf1 1/2-1/2

[Event "EUR-chT Seniors 65"]
[Site "Prague"]
[Date "2021.09.03"]
[Round "5.1"]
[White "Huss, Andreas"]
[Black "Knaak, Rainer"]
[Result "0-1"]
[WhiteElo "2249"]
[BlackElo "2476"]
[PlyCount "130"]
[EventDate "2021.08.30"]
[EventType "team-swiss"]
[EventRounds "9"]
[EventCountry "CZE"]
[SourceTitle "CBM 204 Extra"]
[Source "ChessBase"]
[SourceDate "2021.11.30"]
[SourceVersion "1"]
[SourceVersionDate "2021.11.30"]
[SourceQuality "1"]
[WhiteTeam "Switzerland 65"]
[BlackTeam "Lasker Schachstiftung 65"]
[WhiteTeamCountry "SUI"]
[BlackTeamCountry "GER"]

1. d4 e6 2. Nf3 f5 3. Bg5 Nf6 4. Nbd2 Be7 5. Bxf6 Bxf6 6. e4 0-0 7. Bd3 d5 8. exf5 exf5 9. 0-0 Nc6 10. c3 Qd6 11. Qc2 g6 12. Rae1 Bd7 13. b4 Rae8 14. Nb3 b6 15. b5 Nd8 16. c4 c6 17. c5 Qf4 18. a4 Rxe1 19. Rxe1 Re8 20. Rxe8+ Bxe8 21. Qe2 Kf8 22. g3 Qc7 23. Qe3 Bd7 24. Qh6+ Kg8 25. Ng5 Be8 26. h4 Qe7 27. Kg2 Nb7 28. bxc6 Bxc6 29. Bb5 Nd8 30. Nf3 Qd7 31. Bxc6 Qxc6 32. a5 Qb5 33. Ng5 Bxg5 34. Qxg5 Nf7 35. Qe3 bxa5 36. Qc3 a4 37. Na5 Kg7 38. c6 Nd6 39. c7 Nc8 40. Nc6 Qc4 41. Qxc4 dxc4 42. Nb4 Kf7 43. Kf3 Ke6 44. Kf4 a5 45. Nc2 h6 46. Na3 c3 47. Ke3 Kd7 48. Nb5 c2 49. Kd2 Kc6 50. Nc3 Kxc7 51. Nxa4 Nd6 52. Kxc2 Ne4 53. Kd3 Kc6 54. Kc4 Nd6+ 55. Kd3 Kb5 56. Nc3+ Kb4 57. d5 Kc5 58. f3 Nb5 59. Ne2 g5 60. hxg5 hxg5 61. Ng1 a4 62. Nh3 a3 63. Kc2 Kc4 64. Nxg5 Nd4+ 65. Kb1 Kb3 0-1